Survey of the structure of the sawmilling industry in the ECE/FAO region

Bibliographic Details
Main Author: FAHYS (Jean)
Corporate Authors: Food and Agriculture Organization of the United Nations (FAO), United Nations. Economic Commission for Europe
Format: Book
Published: New York : United Nations , 1995
Series:Geneva timber and forest study papers, 1020-2269; n. 7
Subjects:

MARC

LEADER 00000cam a2200000 7i4500
001 0000000500
005 20020712.0
020 0 0 |a 9211166241 
090 0 0 |a FAO338.47674094   |b FAH 1995 
100 1 0 |a FAHYS   |h J. [  |q (Jean)] 
245 1 0 |a Survey of the structure of the sawmilling industry in the ECE/FAO region   |c prepared by J. Fahys 
260 0 0 |a New York :   |b United Nations ,   |c 1995 
300 |a 61 p. ;   |c 30 cm. 
440 0 0 |a Geneva timber and forest study papers, 1020-2269; n. 7 
650 0 0 |a Forest products industry   |z Europe 
650 0 0 |a Lumber trade   |z Europe 
650 0 0 |a Sawmills   |z Europe 
710 1 1 |a Food and Agriculture Organization of the United Nations (FAO) 
710 1 1 |a United Nations. Economic Commission for Europe 
998 |a JPSM 
999 |a 0000000558   |b Monograph   |c Open Shelf   |e Default branch